000 00806nam a22002057a 4500
999 _c20423
_d20423
003 AR-CdUCM
008 190530b ||||| |||| 00| 0 spa d
040 _aMUNICIPALIDAD PROVINCIAL DEL CUSCO
_cBIBLIOTECA MUNICIPAL DEL CUSCO
082 _a572.9 /
_bD63
100 _aDerruau, Max
_942696
245 _aTratado de geografía humana /
260 _aEspaña :
_bVicens-vives . barcelona
_c1964.
300 _a681 páginas ;
_bFotos a b/n,
_c22 cm.
505 _aContenido : Geografía de la población -- Los modos de vida, los mecanismos y los sistemas económicos -- Geografía agraria...
650 _aLas variaciones de una población
_942697
650 _aComposición de una población
_942698
650 _aLos mecanismos y los sistemas económicos
_942699
942 _2ddc
_cLIBROS
945 _aandy